| 000 | 00727cab a2200253 4500 | ||
|---|---|---|---|
| 001 | ABS49584 | ||
| 008 | 090401t1993 xxu||||| |||| 00| 0 eng d | ||
| 035 | _a(Sirsi) u71862 | ||
| 041 | _aeng | ||
| 100 | _aLindsay, I. | ||
| 245 | _aVAT part II | ||
| 260 | _c1993 | ||
| 350 | _a0 | ||
| 490 |
_aProperty Law _v5 October 1993, 2-3(2) |
||
| 520 | _aOutlines the basic rules of VAT on commercial property, and considers some problem areas. | ||
| 650 | _aCOMMERCIAL PROPERTY TRANSACTIONS | ||
| 650 | _aGOING CONCERNS | ||
| 650 | _aVALUE ADDED TAX (SPECIAL PROVISIONS) ORDER 1992 | ||
| 650 | _aVAT (GENERAL) REGULATIONS 1985 | ||
| 650 | _aVALUE ADDED TAX | ||
| 690 | _aTAXATION | ||
| 942 | _n0 | ||
| 948 | _c04/03/1997 | ||
| 999 |
_c45329 _d45329 |
||